| 000 | 02213cam a22004334i 4500 | ||
|---|---|---|---|
| 003 | PE-LiUPU | ||
| 005 | 20250731173104.0 | ||
| 008 | 150623s2002 cl a rb 000 0 spa d | ||
| 035 | _a(Sirsi) a24874 | ||
| 040 |
_aPE-LiUPU _bspa _cPE-LiUPU _erda |
||
| 049 | _aPRUA | ||
| 082 | 0 | 4 |
_a268.432 _bO44 _221 |
| 100 | 1 |
_aOlivares, Smirna, _eautor. |
|
| 245 | 1 | 3 |
_aAl interior de tres verdades : _bparadigmas educacionales contemporáneos / _cSmirna Olivares. |
| 264 | 1 |
_aChile : _bRamón Piña Vargas, _c2002. |
|
| 300 |
_a188 páginas : _bilustraciones ; _c21 centímetros |
||
| 336 |
_atext _2rdacontent |
||
| 337 |
_aunmediated _2rdamedia |
||
| 338 |
_avolume _2rdacarrier |
||
| 504 | _aIncluye bibliografía. | ||
| 505 | 0 | _aAntropología -- El problema del hombre - Epistemología - Educabilidad -- Fines de la educación - Axiología -- Marco filosófico de la Biblia -- Visión bíblica del hombre -- Imagen y semejanza -- Dimensión mental, espiritual -- Concepción antropológica bíblica después del pecado -- El sentido final del hombre según la Biblia -- Visión bíblica del conocimiento -- Fines de la educación promovida por la Biblia -- Visión bíblica de los valores -- Fines de los valores según la Biblia -- Marco filosófico de la nueva era -- ¿Qué es la nueva era? -- Concepto de hombre en la nueva era -- Dimensión física, mental, espiritual -- Marco filosófico de la reforma educacional chilena -- Comparación de los marcos filosóficos en los sistemas presentados. | |
| 526 | _aSEG42 | ||
| 526 | _aSEG41 | ||
| 526 | _aSEG40 | ||
| 526 | _aSEG39 | ||
| 526 | _aP94 | ||
| 526 | _aP87 | ||
| 526 | _aP86 | ||
| 526 | _aP85 | ||
| 526 | _aP77 | ||
| 526 | _aP76 | ||
| 526 | _aP35 | ||
| 650 | 0 | 4 | _aEducación cristiana de niños. |
| 942 |
_2ddc _cBOOK |
||
| 949 |
_a268.432 O44 _wDEWEY _c1 _i49270 _lCCODEBUL1 _mBUL _p00.00 _r0 _sY _tBOOK _u2015-06-24 _xEDUCACION _zUNKNOWN _0COMPRA _o.STAFF. Colección General |
||
| 596 | _a1 | ||
| 999 |
_a268.432 O44 _wDEWEY _c28414 _i49270 _f2021-11-10 _g6 _lCCODEBUL1 _mBUL _p24.00 _r0 _sY _tBOOK _u2015-6-24 _xTEOLOGIA _PP35 _0COMPRA _o.STAFF. Colección Teología _d28414 |
||
| 980 |
_81 _gALBERTO SANCHEZ Responsable de Automatización |
||